000 00510nam a2200205Ia 4500
003 GCL
008 140319s9999 xx 000 0 eng d
040 _aGCL /
_cGCL
082 0 4 _a300.9
_bB S
100 1 _aBROWN, LESTER
245 1 0 _aSTATE OF THE WORLD /
_cBROWN, LESTER
260 _a[S.N] :
_bWORLD WATCH INSTITUTE ،
_c1996
300 _a249 P
650 0 4 _aENVIRONMENT
650 0 4 _aDISEASES
650 0 4 _aHUMAN RIGHTS
650 0 4 _aSOCIAL SCIENCE
650 0 4 _aSOCIAL JUSTICE
942 _2ddc
_cBK
999 _c15531
_d15531